The Naxalite movement (Record no. 1450324)

MARC details
000 -LEADER
fixed length control field 00580nam a2200205Ia 4500
005 - DATE AND TIME OF LATEST TRANSACTION
control field 20250923145341.0
008 - FIXED-LENGTH DATA ELEMENTS--GENERAL INFORMATION
fixed length control field 008 250917s9999 xx 000 0 eng d
037 ## - SOURCE OF ACQUISITION
Stock number Textual
040 ## - CATALOGING SOURCE
Original cataloging agency DSWL
Language of cataloging eng
Transcribing agency DSWL
041 ## - LANGUAGE CODE
Language code of text/sound track or separate title eng
Source of code eng
084 ## - COLON CLASSIFICATION NUMBER
Classification number W81.2'N6, N75
Assigning agency DSWL
100 ## - MAIN ENTRY--PERSONAL NAME
Personal name Ghosh, Sankar
9 (RLIN) 834370
245 #4 - TITLE STATEMENT
Title The Naxalite movement
Statement of responsibility, etc. by Sankar Ghosh
260 ## - PUBLICATION, DISTRIBUTION, ETC.
Place of publication, distribution, etc. Calcutta
Name of publisher, distributor, etc. Firma K.L. Mukhopadhyay
Date of publication, distribution, etc. 1975
300 ## - PHYSICAL DESCRIPTION
Extent xxiv,301p.
365 ## - TRADE PRICE
Price type code INR
Price amount 27 . 0
925 ## -
-- 27 . 0
942 ## - ADDED ENTRY ELEMENTS (KOHA)
Koha item type Textual
Classification part W81.2'N6, N75
Holdings
Withdrawn status Lost status Damaged status Not for loan Home library Current library Date acquired Source of acquisition Inventory number Total Checkouts Full call number Barcode Date last seen Price effective from Koha item type
        Department of Social Work Library Department of Social Work Library 2025-09-23 Atma Ram & Sons 9888 12/01/1977   W81.2'N6, N75 SW0017685 2025-09-23 2025-09-23 Textual
Copyright @ Delhi University Library System